| 000 | 00441nam a22001577a 4500 | ||
|---|---|---|---|
| 008 | 230328b |||||||| |||| 00| 0 eng d | ||
| 040 |
_aNational Science Library _cNational Science Library |
||
| 080 |
_aR 91(038) _bK7 |
||
| 245 | _aWebster's geographical dictionary | ||
| 260 |
_aUSA: _bG & C Merriam Co., Publishers, _c1967 |
||
| 300 | _axxxi, 1293p. | ||
| 650 | _aGeography | ||
| 653 | _aMaps | ||
| 653 | _aAtlasre | ||
| 942 |
_2udc _cREF |
||
| 999 |
_c15934 _d15934 |
||